Szczegóły MARC21

Sztuka programowania mikrokontrolerów AVR : przykłady /

003 -Nazwa inst., której nr kontr. jest w polu 001 [,]
    • @
    • Nazwa instytucji, której n kontrolny jest w polu 001
    • NUKAT
005 -DATA I CZAS OSTATNIEJ MODYFIKACJI [,]
    • @
    • pole kontrolne
    • 20241231093926.0
020 -Międzynarod. znormalizowany nr książki - ISBN [ , ]
    • a
    • Numer ISBN
    • 9788360233214 Find
040 -Instytucja sporządzająca opis [ , ]
    • a
    • Instytucja, która sporządziła opis (NP)
    • Ł 30/JM
    • c
    • Instytucja, która sporządziła rekord (NP)
    • Ł 30/JM
    • d
    • Instytucja, która zmodyfikowała rekord (P)
    • Ł 30/MS
    • d
    • Instytucja, która zmodyfikowała rekord (P)
    • GL 001/DA
942 -Rodzaj dokumentu [ , ]
    • c
    • Rodzaj dokumentu
    • Książka
100 -Hasło główne - nazwa osobowa [1, ]
    • a
    • Nazwa osobowa (NP)
    • Pawluczuk, Andrzej
    • c
    • Dopowiedzenie inne niż daty biograficzne (P)
    • (elektronik).
    • 9
    • KHW
    • 686152
245 -Strefa tytułu i oznaczenia odpowiedzialności [1,0]
    • a
    • Tytuł
    • Sztuka programowania mikrokontrolerów AVR : Find
    • b
    • Ciąg dalszy tytułu (NP)
    • przykłady / Find
    • c
    • Pozostałe elementy strefy tytułu i oznaczenia odpowiedzialności (NP)
    • Andrzej Pawluczuk.
260 -Strefa adresu wydawniczego [ , ]
    • a
    • Miejsce wydania (P)
    • Warszawa :
    • b
    • Nazwa wydawcy (P)
    • Wydawnictwo BTC,
    • c
    • Data wydania (P)
    • 2007.
300 -Strefa opisu fizycznego [ , ]
    • a
    • Określenie formy książki i/lub objętość (NP)
    • 293 s. :
    • b
    • Oznaczenie ilustracji (NP)
    • il. ;
    • c
    • Format (NP)
    • 25 cm.
336 -Typ zawartości [ , ]
    • a
    • Termin opisujący typ zawartości
    • Tekst
    • b
    • Kod określający zawartość
    • txt
    • 2
    • Źródło (terminu i kodu)
    • rdacontent
337 -Typ mediów [ , ]
    • a
    • Tryb odtwarzania
    • Bez urządzenia pośredniczącego
    • b
    • Kod typu mediów
    • n
    • 2
    • Źródło (terminu i kodu)
    • rdamedia
338 -Typ/rodzaj nośnika [ , ]
    • a
    • Hasło opisujące typ nośnika
    • Wolumin
    • b
    • Kod typu nośnika
    • nc
    • 2
    • Źródło (terminu i kodu)
    • rdacarrier
500 -Uwaga ogólna [ , ]
    • a
    • Uwaga ogólna (NP)
    • Książka jest kontynuacją rozważań rozpoczętych w publikacji "Sztuka programowania mikrokontrolerów AVR - podstawy".
521 -Uwaga dot. przeznaczenia czytelniczego [8, ]
    • a
    • Uwaga dot. przeznaczenia czytelniczego
    • Książka adresowana do szerokiego grona hobbystów i pasjonatów techniki mikroprocesorowej, może być przydatna studentom mającym zajęcia z programowania mikrokontrolerów oraz osobom zajmującym się zawodowo tworzeniem takiego oprogramowania.
080 -Uniwersalna Klasyfikacja Dziesiętna [ , ]
    • 2
    • Identyfikator wydania tablic
    • UDC-P058
    • a
    • Symbol klasyfikacji
    • 621.3.049.77
    • b
    • Dopowiedzenie
    • Mikroelektronika. Obwody (układy) scalone. Obwody (układy) hybrydowe.
    • x
    • Poddział wspólny
    • (07)
    • b
    • Dopowiedzenie
    • (Wydawnictwa dydaktyczne. Podręczniki).
080 -Uniwersalna Klasyfikacja Dziesiętna [ , ]
    • 2
    • Identyfikator wydania tablic
    • UDC-P058
    • a
    • Symbol klasyfikacji
    • 004.413
    • b
    • Dopowiedzenie
    • Opracowanie oprogramowania. Projektowanie oprogramowania.
    • x
    • Poddział wspólny
    • (07)
    • b
    • Dopowiedzenie
    • (Wydawnictwa dydaktyczne. Podręczniki).
650 -Hasło przedmiotowe [ ,7]
    • a
    • Hasło przedmiotowe
    • Mikrosterowniki
    • x
    • Określnik rzeczowy
    • programowanie.
    • 2
    • Źródło terminu
    • kaba
    • 9
    • KHW
    • 146879
650 -Hasło przedmiotowe [ ,7]
    • a
    • Hasło przedmiotowe
    • AVR (rodzina mikroprocesorów)
    • x
    • Określnik rzeczowy
    • programowanie.
    • 2
    • Źródło terminu
    • kaba
    • 9
    • KHW
    • 686375
980 -Symbol UKD [ , ]
    • a
    • UKD
    • 621.3.049.77:004.413](07)
710 -Hasło dodatkowe - nazwa ciała zbiorowego [2, ]
    • a
    • Nazwa ciała zbiorowego lub nazwa geograficzna jako pierwszy element (NP)
    • Wydawnictwo BTC.
    • 4
    • Kod relacji
    • pbl
    • 9
    • KHW
    • 543844
856 -Dostęp do wersji elektronicznej [4,8]
    • 3
    • Wyszczególnienie materiału
    • Okładka
920 -ISBN [ , ]
    • a
    • ISBN
    • 978-83-60233-21-4 Find
Sygnatura Status udost. Lokalizacja Data inwentaryzacji Numer inwentarzowy
Informatyka1BG2009-05-18N.19330